Najlepsi strzelcy w historii Bundesligi. - Statystyki

Ogólne statystyki
  • Ten quiz został rozwiązany 83 razy
  • Średni wynik to 5 z 15
Statystyki odpowiedzi
Lata Narodowość Piłkarz % Poprawnych
2010-teraz Polska Lewandowski
99%
1964-1979 Niemcy Muller
99%
1972-1982, 1985-1986 Niemcy Muller
99%
1999-2007, 2008-2020 Peru Pizarro
68%
2005-2013, 2016-2019 Niemcy Gomez
43%
1974-1984 Niemcy Rummenigge
30%
1963-1978 Niemcy Heynckes
17%
1968-1988 Niemcy Fischer
16%
1990-2003 Niemcy Kirsten
10%
1975-1987, 1990-1993 Niemcy Allofs
7%
1974-1983 , 1985-1990 Niemcy Burgsmuller
2%
1967-1981 Niemcy Holzenbein
2%
1983-1995 , 1996-1999 Niemcy Kuntz
2%
1981-1997 Niemcy Walter
2%
1964-1978 Niemcy Lohr
1%
Nie znaleziono quizów pasujących do podanych kryteriów
Rozkład punktacji
Procent ludzi z każdym wynikiem
Percentyl według liczby udzielonych odpowiedzi
Twoja historia wyników
Nie rozwiązałeś tego quizu